Music Quiz

Random Music Quiz

Name the kpop group and its members Quiz Stats

 Plays Quiz not verified by Sporcle

Also try: I'm Too Sexy List
Challenge
Share
Tweet
Score 0/150 Timer 20:00
0 Plays Today
% Correct
seventeen
99%
vernon
85%
woozi
84.2%
scoups
80.9%
monsta x
79%
jeonghan
78.2%
hoshi
77.6%
jun
77.4%
joshua
76.5%
astro
76.5%
ikon
76.3%
vixx
75.9%
bobby
75.7%
dk
75.3%
btob
75.3%
wonwoo
73.9%
mingyu
73.9%
b.i
73.7%
ravi
73.2%
dino
73%
leo
72.6%
ken
71.6%
nct u
71.6%
the8
70.8%
infinite
70.6%
shownu
69.8%
hongbin
69.8%
hyuk
69.6%
i.m
69.5%
winner
69.1%
sungjae
68.9%
jooheon
67.3%
seungkwan
66.7%
minhyuk
66.5%
block b
66.5%
n
66%
kihyun
65%
zico
64.8%
wonho
64.6%
hoya
63.6%
minhyuk
63.2%
jinjin
63%
ilhoon
63%
taeyong
62.8%
mark
62.8%
rocky
61.7%
hyungwon
61.5%
mino
61.5%
moonbin
60.9%
peniel
60.9%
% Correct
sunggyu
60.7%
mj
60.1%
b.a.p
60.1%
dongwoo
59.7%
sanha
59.5%
taehyun
59.5%
woo hyun
59.1%
l
58.9%
eunwoo
58.6%
ten
58.2%
sungyeol
57.8%
p.o
57.6%
taeil
57%
knk
56.8%
eunkwang
56.4%
junhoe
56.2%
zelo
56.2%
u-kwon
56%
sungjong
54.5%
b-bomb
54.5%
daehyun
54.5%
jinhwan
54.3%
changsub
53.9%
day6
53.9%
yongguk
53.7%
youngjae
52.9%
himchan
51.8%
kyung
51.4%
jae
51%
b1a4
51%
chanwoo
50.8%
taeil
50.6%
jongup
50.6%
jaehyo
50.4%
hyunsik
50.2%
uniq
47.5%
jinwoo
47.3%
jaehyun
47.3%
toppdogg
46.9%
baro
46.7%
donghyuk
45.9%
seungyoon
45.1%
seunghoon
45.1%
cnu
45.1%
do young
44.9%
gongchan
44.6%
boys republic
44%
jinyoung
42.6%
imfact
41.8%
young k
39.9%
% Correct
hansol
36.6%
jenissi
35.8%
b-joo
35.4%
sandeul
35.4%
xero
35%
atom
34.4%
wonpil
34.4%
p-goon
34%
yunhyeong
32.9%
yibo
32.7%
nakta
32.3%
yano
31.9%
seungjun
29.8%
hojoon
28.6%
wenhan
28.2%
sangdo
28.2%
inseong
28%
dowoon
27.2%
yixuan
26.1%
hotshot
25.7%
sungjoo
25.5%
sungjin
25.5%
youjin
25.5%
heejun
24.9%
seungyoun
23.7%
jihun
23.5%
madtown
23.2%
jian
19.3%
jeup
19.3%
jota
19.3%
suwoong
18.9%
moos
18.7%
minsu
18.1%
h.o
18.1%
buffy
17.1%
taeho
16.3%
ungjae
16.1%
onejunn
16.1%
sang
15.6%
sunwoo
14.4%
lee geon
13.6%
kid monster
13.4%
daewon
13%
sungjun
12.6%
heojun
11.5%
timoteo
11.3%
junhyuk
8%
yoon san
7%
sungwoon
6.2%
hojeong
5.8%

You're not logged in!

Compare scores with friends on all Sporcle quizzes.
Join for Free
OR
Log In

You Might Also Like...

Show Comments

Extras

Created Aug 2, 2016ReportNominate
Tags:Kpop Quiz

Top Quizzes Today


Score Distribution

Your Account Isn't Verified!

In order to create a playlist on Sporcle, you need to verify the email address you used during registration. Go to your Sporcle Settings to finish the process.

Report this User

Report this user for behavior that violates our Community Guidelines.

Details: